[Event "Fajr-urmia"]
[Site "urmia"]
[Date "2015.02.23"]
[Round "8.8"]
[White "Gholami, Aryan"]
[Black "Asgarizadeh, Minoo"]
[Result "1-0"]
[LiveChessVersion "1.4.4"]
[BlackElo "2125"]
[WhiteElo "2325"]

1. e4 {[%clk 1:30:30]} c5 {[%clk 1:28:43]} 2. Nf3 {[%clk 1:30:12]} e6
{[%clk 1:27:40]} 3. d4 {[%clk 1:30:22]} cxd4 {[%clk 1:28:04]} 4. Nxd4
{[%clk 1:30:45]} a6 {[%clk 1:27:15]} 5. Bd3 {[%clk 1:30:28]} Bc5 {[%clk 1:27:12]}
6. Nb3 {[%clk 1:27:48]} Ba7 {[%clk 1:27:37]} 7. O-O {[%clk 1:27:37]} Nc6
{[%clk 1:26:33]} 8. Nc3 {[%clk 1:23:39]} Nf6 {[%clk 1:26:50]} 9. Bg5
{[%clk 1:22:47]} h6 {[%clk 1:25:12]} 10. Bxf6 Qxf6 {[%clk 1:21:33]} 11. Kh1
{[%clk 1:17:04]} O-O {[%clk 1:14:21]} 12. f4 {[%clk 1:15:49]} d6 {[%clk 1:14:21]}
13. Qd2 {[%clk 1:13:23]} b5 {[%clk 1:11:01]} 14. Rae1 {[%clk 1:06:45]} b4
{[%clk 1:06:47]} 15. Nd1 {[%clk 0:57:45]} Bb7 {[%clk 1:03:09]} 16. Ne3
{[%clk 0:52:09]} Rfd8 {[%clk 0:41:20]} 17. Nc4 {[%clk 0:51:19]} Rab8
{[%clk 0:39:08]} 18. e5 {[%clk 0:38:43]} dxe5 {[%clk 0:39:27]} 19. fxe5
{[%clk 0:39:06]} Qh4 {[%clk 0:31:46]} 20. Nd6 {[%clk 0:27:50]} Nxe5
{[%clk 0:26:25]} 21. Nxb7 {[%clk 0:27:57]} Nxd3 {[%clk 0:23:25]} 22. Nxd8
{[%clk 0:27:49]} Nf2+ 23. Rxf2 {[%clk 0:28:05]} Bxf2 {[%clk 0:23:23]} 24. Rd1
{[%clk 0:27:40]} Bg3 {[%clk 0:22:24]} 25. h3 {[%clk 0:27:43]} Bc7
{[%clk 0:19:43]} 26. Nc6 {[%clk 0:27:20]} Qg3 {[%clk 0:20:07]} 27. Kg1
{[%clk 0:27:43]} Rb5 {[%clk 0:17:49]} 28. Nbd4 {[%clk 0:22:19]} Bf4
{[%clk 0:11:00]} 29. Qd3 {[%clk 0:16:42]} Qh2+ {[%clk 0:11:12]} 30. Kf2
{[%clk 0:16:44]} Rg5 {[%clk 0:11:36]} 31. Rg1 {[%clk 0:16:52]} e5
{[%clk 0:07:06]} 32. Nf3 {[%clk 0:16:07]} Qg3+ {[%clk 0:07:31]} 33. Ke2
{[%clk 0:16:22]} e4 {[%clk 0:07:16]} 34. Ne7+ {[%clk 0:15:44]} Kh8
{[%clk 0:06:30]} 35. Qd8+ {[%clk 0:16:05]} 1-0

[Event "Fajr-urmia"]
[Site "urmia"]
[Date "2015.02.23"]
[Round "8.9"]
[White "Godarz, Kasra"]
[Black "Mosadeghpour, Masoud"]
[Result "0-1"]
[LiveChessVersion "1.4.4"]
[BlackElo "2325"]
[WhiteElo "2123"]

1. e4 {[%clk 1:28:23]} e5 {[%clk 1:30:52]} 2. Nf3 {[%clk 1:28:43]} Nf6
{[%clk 1:31:12]} 3. Nxe5 {[%clk 1:28:02]} d6 {[%clk 1:31:34]} 4. Nf3
{[%clk 1:27:56]} Nxe4 {[%clk 1:31:56]} 5. Nc3 {[%clk 1:25:31]} Nxc3
{[%clk 1:32:14]} 6. dxc3 {[%clk 1:25:53]} Be7 {[%clk 1:32:37]} 7. Be3
{[%clk 1:26:15]} O-O {[%clk 1:31:25]} 8. Qd2 {[%clk 1:26:25]} c5 {[%clk 1:26:09]}
9. O-O-O {[%clk 1:26:46]} Nc6 {[%clk 1:26:20]} 10. h4 {[%clk 1:26:48]} Qa5
{[%clk 1:25:37]} 11. a3 {[%clk 1:22:58]} Bg4 {[%clk 0:56:44]} 12. Be2
{[%clk 1:14:45]} b5 {[%clk 0:49:02]} 13. Qd3 {[%clk 1:04:04]} Bxf3
{[%clk 0:36:58]} 14. gxf3 {[%clk 0:52:03]} b4 {[%clk 0:33:04]} 15. cxb4
{[%clk 0:49:55]} cxb4 {[%clk 0:32:59]} 16. Qb3 {[%clk 0:42:24]} bxa3
{[%clk 0:26:05]} 17. Qxa3 {[%clk 0:42:41]} Qc7 {[%clk 0:16:59]} 18. Bg5
{[%clk 0:39:27]} Rfc8 {[%clk 0:09:47]} 19. c3 {[%clk 0:33:59]} a5
{[%clk 0:05:46]} 20. Rhe1 {[%clk 0:30:52]} Bf8 {[%clk 0:04:10]} 21. Kb1
{[%clk 0:27:03]} a4 {[%clk 0:02:53]} 22. Bf4 {[%clk 0:27:03]} Qb6
{[%clk 0:02:20]} 23. Be3 {[%clk 0:19:43]} Qa5 {[%clk 0:02:49]} 24. Qa2
{[%clk 0:20:00]} Qf5+ {[%clk 0:01:20]} 25. Bd3 {[%clk 0:16:21]} Qxf3
{[%clk 0:01:49]} 26. Bc2 {[%clk 0:15:45]} g6 {[%clk 0:01:08]} 27. h5
{[%clk 0:11:35]} Qxh5 {[%clk 0:00:57]} 28. Rh1 {[%clk 0:11:58]} Qf3
{[%clk 0:01:07]} 29. Qc4 {[%clk 0:11:52]} Ne5 {[%clk 0:00:34]} 30. Qh4
{[%clk 0:10:16]} h5 {[%clk 0:01:03]} 31. Be4 {[%clk 0:10:12]} Qe2
{[%clk 0:01:33]} 32. Rd2 {[%clk 0:07:36]} Qa6 {[%clk 0:00:49]} 33. Bxa8
{[%clk 0:07:06]} Qxa8 {[%clk 0:01:18]} 34. Bd4 {[%clk 0:06:40]} Nf3
{[%clk 0:01:23]} 35. Qf6 {[%clk 0:05:52]} Nxd2+ {[%clk 0:00:34]} 36. Kc2
{[%clk 0:05:26]} Qe4+ {[%clk 0:00:55]} 37. Kd1 {[%clk 0:04:48]} Qf3+
{[%clk 0:01:09]} 38. Kxd2 {[%clk 0:04:58]} Bh6+ {[%clk 0:01:35]} 39. Kc2
{[%clk 0:05:06]} Qe4+ {[%clk 0:02:04]} 40. Kd1 {[%clk 0:05:19]} Qd3+
{[%clk 0:02:34]} 41. Ke1 {[%clk 0:05:35]} Bd2+ {[%clk 0:03:03]} 0-1

[Event "Fajr-urmia"]
[Site "urmia"]
[Date "2015.02.23"]
[Round "8.10"]
[White "Khalili, Saeid"]
[Black "Grabliauskas, Virginijus"]
[Result "1-0"]
[LiveChessVersion "1.4.4"]
[BlackElo "2323"]
[WhiteElo "2109"]

1. d4 {[%clk 1:30:59]} e6 {[%clk 1:30:47]} 2. Nf3 {[%clk 1:31:16]} c5
{[%clk 1:31:02]} 3. e3 {[%clk 1:30:21]} b6 {[%clk 1:25:06]} 4. c4
{[%clk 1:30:13]} cxd4 5. exd4 {[%clk 1:29:43]} Nf6 {[%clk 1:20:41]} 6. Nc3
{[%clk 1:29:48]} Bb7 {[%clk 1:18:34]} 7. Bd3 {[%clk 1:27:40]} Nc6
{[%clk 1:18:04]} 8. O-O {[%clk 1:26:30]} Rc8 {[%clk 1:14:03]} 9. d5
{[%clk 1:07:11]} Na5 {[%clk 1:06:39]} 10. Qe2 {[%clk 0:58:16]} Be7
{[%clk 1:05:42]} 11. Nb5 {[%clk 0:51:35]} a6 {[%clk 1:00:26]} 12. Nbd4
{[%clk 0:50:32]} O-O {[%clk 0:58:52]} 13. dxe6 {[%clk 0:48:50]} dxe6
{[%clk 0:50:24]} 14. b3 {[%clk 0:48:23]} Nc6 {[%clk 0:42:56]} 15. Nxc6
{[%clk 0:47:05]} Rxc6 {[%clk 0:42:22]} 16. Bb2 {[%clk 0:47:08]} Rd6
{[%clk 0:28:13]} 17. Rad1 {[%clk 0:47:08]} Nd7 {[%clk 0:26:11]} 18. Bxh7+
{[%clk 0:43:13]} Kxh7 {[%clk 0:25:55]} 19. Rxd6 {[%clk 0:43:38]} Bxd6
{[%clk 0:25:43]} 20. Qd3+ {[%clk 0:44:04]} f5 {[%clk 0:18:06]} 21. Qxd6
{[%clk 0:43:51]} Bxf3 {[%clk 0:18:06]} 22. Qg3 {[%clk 0:42:39]} Bg4
{[%clk 0:17:02]} 23. h3 {[%clk 0:42:50]} Nc5 {[%clk 0:14:03]} 24. hxg4
{[%clk 0:42:39]} f4 {[%clk 0:12:56]} 25. Qc3 {[%clk 0:42:10]} Qg5
{[%clk 0:11:34]} 26. f3 {[%clk 0:41:45]} Rd8 {[%clk 0:10:54]} 27. Qc2+
{[%clk 0:40:32]} Nd3 {[%clk 0:07:30]} 28. Rd1 {[%clk 0:40:35]} Qg6
{[%clk 0:03:53]} 29. Be5 {[%clk 0:39:03]} Rd7 {[%clk 0:03:45]} 30. Bxf4
{[%clk 0:38:10]} e5 {[%clk 0:04:12]} 31. Bg3 {[%clk 0:36:29]} e4 {[%clk 0:02:47]}
32. Qe2 {[%clk 0:36:08]} Re7 {[%clk 0:02:50]} 33. fxe4 {[%clk 0:35:21]} Nc5
{[%clk 0:02:07]} 34. e5 {[%clk 0:34:29]} b5 {[%clk 0:01:44]} 35. cxb5
{[%clk 0:31:22]} axb5 {[%clk 0:02:13]} 36. b4 {[%clk 0:26:45]} Ne4
{[%clk 0:02:37]} 37. Qe3 {[%clk 0:26:26]} Rc7 {[%clk 0:02:09]} 38. Rd4
{[%clk 0:22:08]} Rc4 {[%clk 0:01:37]} 39. Rxc4 {[%clk 0:21:48]} bxc4
{[%clk 0:02:06]} 40. Be1 {[%clk 0:21:59]} Qc6 {[%clk 0:01:04]} 41. b5
{[%clk 0:21:18]} Qd5 {[%clk 0:01:20]} 42. b6 {[%clk 0:20:59]} Nc5
{[%clk 0:01:36]} 43. Bc3 {[%clk 0:19:28]} Kg8 {[%clk 0:00:55]} 44. Qd4
{[%clk 0:18:25]} 1-0

[Event "Fajr-urmia"]
[Site "urmia"]
[Date "2015.02.23"]
[Round "9.1"]
[White "Mirzoev, Azer"]
[Black "Starostits, Ilmars"]
[Result "1/2-1/2"]
[LiveChessVersion "1.4.4"]
[BlackElo "2454"]
[WhiteElo "2556"]

1. Nf3 {[%clk 1:28:27]} Nf6 {[%clk 1:30:18]} 2. c4 {[%clk 1:27:46]} e6
{[%clk 1:29:42]} 3. d4 {[%clk 1:28:03]} d5 {[%clk 1:29:04]} 4. g3
{[%clk 1:28:19]} Bb4+ {[%clk 1:28:55]} 5. Bd2 {[%clk 1:27:19]} Be7
{[%clk 1:28:56]} 6. Bg2 {[%clk 1:25:29]} O-O {[%clk 1:28:34]} 7. Qc2
{[%clk 1:24:46]} c6 {[%clk 1:27:15]} 8. O-O {[%clk 1:22:09]} Nbd7
{[%clk 1:26:38]} 9. Bf4 {[%clk 1:15:01]} Nh5 {[%clk 1:23:04]} 10. Bc1
{[%clk 1:14:19]} Nhf6 {[%clk 1:23:21]} 11. Bf4 {[%clk 1:13:39]} Nh5
{[%clk 1:23:43]} 12. Bc1 {[%clk 1:13:44]} Nhf6 {[%clk 1:24:04]} 13. Bf4
{[%clk 1:14:00]} 1/2-1/2

[Event "Fajr-urmia"]
[Site "urmia"]
[Date "2015.02.23"]
[Round "9.2"]
[White "Idani, Pouya"]
[Black "Chighladze, Iveri"]
[Result "1/2-1/2"]
[LiveChessVersion "1.4.4"]
[BlackElo "2338"]
[WhiteElo "2496"]

1. e4 {[%clk 1:30:59]} Nf6 {[%clk 1:30:54]} 2. e5 {[%clk 1:31:25]} Nd5
{[%clk 1:31:21]} 3. d4 {[%clk 1:31:52]} d6 {[%clk 1:31:48]} 4. Nf3
{[%clk 1:32:17]} Bg4 {[%clk 1:32:15]} 5. Be2 {[%clk 1:31:40]} e6 {[%clk 1:32:40]}
6. c4 {[%clk 1:32:02]} Nb6 {[%clk 1:33:05]} 7. exd6 {[%clk 1:32:28]} cxd6
{[%clk 1:33:32]} 8. O-O {[%clk 1:32:51]} Be7 {[%clk 1:33:57]} 9. a4
{[%clk 1:33:19]} d5 {[%clk 1:33:19]} 10. c5 {[%clk 1:30:39]} N6d7
{[%clk 1:32:25]} 11. Bf4 {[%clk 1:19:25]} Nc6 {[%clk 1:32:21]} 12. Na3
{[%clk 1:19:49]} O-O {[%clk 1:30:34]} 13. Rb1 {[%clk 1:14:56]} Bf6
{[%clk 1:14:43]} 14. Be3 {[%clk 1:14:02]} a5 {[%clk 1:08:38]} 15. Nb5
{[%clk 1:09:38]} b6 {[%clk 1:08:33]} 16. cxb6 {[%clk 1:08:33]} Qxb6
{[%clk 1:03:00]} 17. Ne5 {[%clk 1:06:15]} Bxe5 {[%clk 0:59:22]} 18. dxe5
{[%clk 1:06:18]} Bxe2 {[%clk 0:59:47]} 19. Qxe2 {[%clk 1:06:44]} d4
{[%clk 0:59:06]} 20. Bf4 {[%clk 1:06:08]} Rfd8 {[%clk 0:57:33]} 21. h4
{[%clk 1:00:59]} d3 {[%clk 0:48:00]} 22. Qxd3 {[%clk 0:58:58]} Ndxe5
{[%clk 0:47:38]} 23. Qe4 {[%clk 0:58:20]} Rd5 {[%clk 0:47:09]} 24. Rbc1
{[%clk 0:55:26]} Rad8 {[%clk 0:43:23]} 25. Rc3 {[%clk 0:46:09]} h5
{[%clk 0:41:14]} 26. Be3 {[%clk 0:35:18]} Qb7 {[%clk 0:40:59]} 27. Qc2
{[%clk 0:34:57]} R8d7 {[%clk 0:27:17]} 28. Rc1 {[%clk 0:31:50]} Ne7
{[%clk 0:26:40]} 29. Nc7 {[%clk 0:26:22]} Rd3 {[%clk 0:24:57]} 30. Nb5
{[%clk 0:24:49]} Nf5 {[%clk 0:23:53]} 31. Rxd3 {[%clk 0:23:03]} Nxd3
{[%clk 0:19:39]} 32. Qc8+ {[%clk 0:23:26]} Qxc8 {[%clk 0:19:24]} 33. Rxc8+
{[%clk 0:23:50]} Kh7 {[%clk 0:19:52]} 34. b3 {[%clk 0:22:34]} Ne5
{[%clk 0:19:04]} 35. Nc3 {[%clk 0:19:55]} Nxe3 {[%clk 0:17:39]} 36. fxe3
{[%clk 0:20:02]} Ng4 {[%clk 0:16:28]} 37. Rc5 {[%clk 0:18:29]} g6
{[%clk 0:14:26]} 38. Kf1 {[%clk 0:14:41]} Rd2 {[%clk 0:10:17]} 39. Ne4
{[%clk 0:13:20]} Nxe3+ {[%clk 0:09:44]} 40. Ke1 {[%clk 0:13:44]} Rb2
{[%clk 0:09:56]} 41. g3 {[%clk 0:13:01]} Rxb3 {[%clk 0:08:40]} 42. Rxa5
{[%clk 0:13:24]} Rb7 {[%clk 0:06:15]} 43. Rb5 {[%clk 0:10:38]} Ra7
{[%clk 0:05:23]} 44. Nc5 {[%clk 0:10:35]} Nc2+ {[%clk 0:04:32]} 45. Kd2
{[%clk 0:10:22]} Nd4 {[%clk 0:05:00]} 46. Rb7 {[%clk 0:10:20]} Ra5
{[%clk 0:01:04]} 47. Rxf7+ {[%clk 0:09:45]} Kg8 {[%clk 0:01:33]} 48. Rd7
{[%clk 0:10:02]} e5 {[%clk 0:01:37]} 49. Ne4 {[%clk 0:09:43]} Rxa4
{[%clk 0:02:04]} 50. Nf6+ {[%clk 0:09:39]} Kf8 {[%clk 0:02:33]} 51. Nh7+
{[%clk 0:10:01]} Kg8 {[%clk 0:02:58]} 52. Nf6+ {[%clk 0:10:28]} 1/2-1/2

[Event "Fajr-urmia"]
[Site "urmia"]
[Date "2015.02.23"]
[Round "9.3"]
[White "Ghaziolsharif, Kaveh"]
[Black "Guliev, Logman"]
[Result "0-1"]
[LiveChessVersion "1.4.4"]
[BlackElo "2389"]
[WhiteElo "2193"]

1. e4 {[%clk 1:30:34]} c5 {[%clk 1:30:53]} 2. c3 {[%clk 1:30:58]} d5
{[%clk 1:31:17]} 3. exd5 {[%clk 1:31:22]} Qxd5 {[%clk 1:31:41]} 4. d4
{[%clk 1:31:46]} g6 {[%clk 1:32:04]} 5. Be3 {[%clk 1:24:52]} Bg7 {[%clk 1:30:22]}
6. Na3 {[%clk 1:18:31]} cxd4 {[%clk 1:28:58]} 7. Nb5 {[%clk 1:15:25]} Na6
{[%clk 1:29:17]} 8. cxd4 {[%clk 1:13:43]} Nh6 {[%clk 1:23:43]} 9. Nc3
{[%clk 1:06:53]} Qd8 {[%clk 1:23:06]} 10. Nf3 {[%clk 1:00:51]} O-O
{[%clk 1:23:00]} 11. Be2 {[%clk 0:39:07]} Nf5 {[%clk 1:21:26]} 12. O-O
{[%clk 0:38:02]} Nb4 {[%clk 1:18:21]} 13. Qb3 {[%clk 0:28:26]} a5
{[%clk 1:16:08]} 14. Rad1 {[%clk 0:23:06]} Nxe3 {[%clk 0:59:54]} 15. fxe3
{[%clk 0:23:01]} Be6 {[%clk 1:00:12]} 16. Bc4 {[%clk 0:21:13]} Bxc4
{[%clk 0:51:42]} 17. Qxc4 {[%clk 0:21:42]} Bh6 {[%clk 0:51:11]} 18. Qe2
{[%clk 0:21:48]} Nd5 {[%clk 0:47:45]} 19. Nxd5 {[%clk 0:19:42]} Qxd5
{[%clk 0:48:12]} 20. b3 {[%clk 0:19:33]} Qe4 {[%clk 0:47:11]} 21. Rfe1
{[%clk 0:17:26]} Rfc8 {[%clk 0:45:02]} 22. Rd3 {[%clk 0:15:14]} a4
{[%clk 0:44:39]} 23. Nd2 {[%clk 0:13:15]} Qc6 {[%clk 0:43:56]} 24. Nc4
{[%clk 0:12:36]} axb3 {[%clk 0:42:01]} 25. axb3 {[%clk 0:12:36]} b5
{[%clk 0:42:06]} 26. Ne5 {[%clk 0:11:34]} Qe4 {[%clk 0:42:23]} 27. Ng4
{[%clk 0:10:58]} Bg7 {[%clk 0:41:52]} 28. Nf2 {[%clk 0:11:12]} Qc6
{[%clk 0:41:10]} 29. Rd2 {[%clk 0:01:24]} Ra3 {[%clk 0:38:59]} 30. b4 Qc3
{[%clk 0:36:53]} 31. Nd3 {[%clk 0:01:29]} Bh6 {[%clk 0:36:38]} 32. Rdd1
{[%clk 0:01:10]} Qb3 {[%clk 0:35:17]} 33. Rb1 {[%clk 0:00:47]} Qxd3
{[%clk 0:35:32]} 0-1

[Event "Fajr-urmia"]
[Site "urmia"]
[Date "2015.02.23"]
[Round "9.4"]
[White "Roohi, Abdolmajid"]
[Black "Asgarizadeh, Ahmad"]
[Result "0-1"]
[LiveChessVersion "1.4.4"]
[BlackElo "2424"]
[WhiteElo "2133"]

1. d4 {[%clk 1:30:57]} d5 {[%clk 1:29:36]} 2. Nf3 {[%clk 1:31:07]} Nf6
{[%clk 1:30:01]} 3. c4 {[%clk 1:31:16]} dxc4 {[%clk 1:30:20]} 4. e3
{[%clk 1:31:32]} Bg4 {[%clk 1:30:45]} 5. Bxc4 {[%clk 1:31:46]} e6
{[%clk 1:31:10]} 6. h3 {[%clk 1:30:08]} Bh5 {[%clk 1:30:04]} 7. O-O
{[%clk 1:30:25]} a6 {[%clk 1:30:28]} 8. Nc3 {[%clk 1:27:52]} Nc6 {[%clk 1:30:50]}
9. b3 {[%clk 1:24:34]} Bd6 {[%clk 1:30:42]} 10. Bb2 {[%clk 1:24:17]} O-O
{[%clk 1:30:58]} 11. Be2 {[%clk 1:24:45]} Qe8 {[%clk 1:26:48]} 12. Rc1
{[%clk 1:24:32]} Rd8 {[%clk 1:26:22]} 13. Nh4 {[%clk 1:18:04]} Bxe2
{[%clk 1:25:31]} 14. Qxe2 {[%clk 1:18:24]} Nd5 {[%clk 1:10:59]} 15. Nxd5
{[%clk 1:16:18]} exd5 {[%clk 1:11:24]} 16. Nf5 {[%clk 1:16:28]} Qe6
{[%clk 1:06:38]} 17. Nxd6 {[%clk 1:15:19]} Qxd6 {[%clk 1:06:45]} 18. a3
{[%clk 1:14:08]} f5 {[%clk 1:03:51]} 19. Rfe1 {[%clk 1:10:49]} Rde8
{[%clk 1:02:13]} 20. Qc2 {[%clk 1:05:58]} Re4 {[%clk 0:52:32]} 21. b4
{[%clk 0:59:13]} Qe6 {[%clk 0:48:38]} 22. Qd2 {[%clk 0:56:43]} Re8
{[%clk 0:47:34]} 23. Kf1 {[%clk 0:49:39]} Qd6 {[%clk 0:39:41]} 24. Kg1
{[%clk 0:49:22]} Qe6 {[%clk 0:39:01]} 25. Kf1 {[%clk 0:49:45]} Qd6
{[%clk 0:35:02]} 26. Kg1 {[%clk 0:50:05]} Ne7 {[%clk 0:34:51]} 27. Qd3
{[%clk 0:40:58]} c6 {[%clk 0:33:21]} 28. Rc2 {[%clk 0:39:38]} Ng6
{[%clk 0:31:23]} 29. Bc1 {[%clk 0:34:38]} Nh4 {[%clk 0:22:27]} 30. f3
{[%clk 0:27:57]} Qg3 {[%clk 0:22:08]} 31. Rf1 {[%clk 0:26:13]} R4e6
{[%clk 0:22:17]} 32. Qd2 {[%clk 0:23:02]} Rg6 {[%clk 0:16:13]} 33. Kh1
{[%clk 0:23:00]} f4 {[%clk 0:16:21]} 34. Qe1 {[%clk 0:09:19]} Qg5
{[%clk 0:11:59]} 35. e4 {[%clk 0:06:24]} Nxg2 {[%clk 0:11:54]} 36. Qf2
{[%clk 0:05:15]} Qh5 {[%clk 0:11:22]} 37. Kh2 {[%clk 0:05:25]} dxe4
{[%clk 0:09:43]} 38. fxe4 {[%clk 0:04:25]} Rxe4 {[%clk 0:08:54]} 39. Rc5
{[%clk 0:03:44]} Qe2 {[%clk 0:07:51]} 40. Rc2 {[%clk 0:03:10]} Qd3
{[%clk 0:05:54]} 41. Rd2 {[%clk 0:03:39]} Qb3 {[%clk 0:05:57]} 42. Rg1
{[%clk 0:02:34]} Ne1 {[%clk 0:05:33]} 43. Rxg6 {[%clk 0:01:09]} hxg6
{[%clk 0:06:01]} 44. Re2 {[%clk 0:00:37]} Qg3+ {[%clk 0:06:30]} 0-1

[Event "Fajr-urmia"]
[Site "urmia"]
[Date "2015.02.23"]
[Round "9.5"]
[White "Akbari, Mohammad"]
[Black "Darban, Morteza"]
[Result "0-1"]
[LiveChessVersion "1.4.4"]
[BlackElo "2334"]
[WhiteElo "2050"]

1. e4 {[%clk 1:30:44]} Nf6 {[%clk 1:29:13]} 2. e5 {[%clk 1:29:57]} Nd5
{[%clk 1:29:26]} 3. d4 {[%clk 1:30:05]} d6 {[%clk 1:29:54]} 4. Nf3
{[%clk 1:29:30]} g6 {[%clk 1:30:18]} 5. c4 {[%clk 1:26:09]} Nb6 {[%clk 1:30:43]}
6. Nc3 {[%clk 1:25:00]} Bg7 {[%clk 1:31:05]} 7. exd6 {[%clk 1:22:54]} cxd6
{[%clk 1:30:54]} 8. Be2 {[%clk 1:21:58]} O-O {[%clk 1:31:16]} 9. O-O
{[%clk 1:22:04]} Nc6 {[%clk 1:31:25]} 10. Be3 {[%clk 1:20:55]} Bg4
{[%clk 1:29:20]} 11. b3 {[%clk 1:09:42]} d5 {[%clk 1:28:22]} 12. c5
{[%clk 1:06:32]} Nc8 {[%clk 1:26:34]} 13. Rc1 {[%clk 0:59:37]} e6
{[%clk 1:25:05]} 14. h3 {[%clk 0:45:56]} Bxf3 {[%clk 1:25:09]} 15. Bxf3
{[%clk 0:46:24]} N8e7 {[%clk 1:11:33]} 16. Nb5 {[%clk 0:36:31]} Nf5
{[%clk 1:09:48]} 17. Bg4 {[%clk 0:35:19]} a6 {[%clk 1:07:47]} 18. Bxf5
{[%clk 0:35:15]} axb5 {[%clk 1:08:15]} 19. Bb1 {[%clk 0:35:24]} Qh4
{[%clk 0:49:56]} 20. Qd3 {[%clk 0:25:46]} Bxd4 {[%clk 0:50:09]} 21. Bxd4
{[%clk 0:23:22]} Qxd4 {[%clk 0:49:23]} 22. Qxb5 {[%clk 0:23:17]} Qb4
{[%clk 0:49:51]} 23. Qd3 {[%clk 0:20:37]} Ra5 {[%clk 0:49:21]} 24. Qe3
{[%clk 0:19:10]} Qd4 {[%clk 0:45:25]} 25. Qg3 {[%clk 0:13:17]} Rxc5
{[%clk 0:44:53]} 26. Rce1 {[%clk 0:13:32]} Rc8 {[%clk 0:41:51]} 27. h4
{[%clk 0:12:54]} Qf6 {[%clk 0:41:50]} 28. h5 {[%clk 0:10:06]} Nd4
{[%clk 0:42:00]} 29. hxg6 {[%clk 0:09:20]} hxg6 {[%clk 0:42:28]} 30. Qg4
{[%clk 0:08:54]} Kg7 {[%clk 0:42:04]} 31. Rd1 {[%clk 0:08:31]} e5
{[%clk 0:36:54]} 32. g3 {[%clk 0:05:49]} e4 {[%clk 0:32:12]} 33. b4
{[%clk 0:02:23]} Rc4 {[%clk 0:29:36]} 34. a3 {[%clk 0:02:36]} Rh8
{[%clk 0:28:06]} 0-1

[Event "Fajr-urmia"]
[Site "urmia"]
[Date "2015.02.23"]
[Round "9.6"]
[White "Asgari, Morteza"]
[Black "Gholami, Aryan"]
[Result "1/2-1/2"]
[LiveChessVersion "1.4.4"]
[BlackElo "2325"]
[WhiteElo "2193"]

1. e4 {[%clk 1:30:57]} e5 {[%clk 1:30:25]} 2. Nf3 {[%clk 1:30:51]} Nc6
{[%clk 1:30:46]} 3. d4 {[%clk 1:30:46]} exd4 {[%clk 1:30:13]} 4. Nxd4
{[%clk 1:31:12]} Nf6 {[%clk 1:29:50]} 5. Nxc6 {[%clk 1:31:18]} bxc6
{[%clk 1:30:07]} 6. e5 {[%clk 1:31:33]} Qe7 {[%clk 1:30:06]} 7. Qe2
{[%clk 1:31:44]} Nd5 {[%clk 1:30:07]} 8. c4 {[%clk 1:32:06]} Ba6 {[%clk 1:29:58]}
9. Nd2 {[%clk 1:31:54]} g6 {[%clk 1:26:14]} 10. Nf3 {[%clk 1:30:50]} Bg7
{[%clk 1:25:28]} 11. Bg5 {[%clk 1:30:10]} f6 {[%clk 1:00:07]} 12. exf6
{[%clk 1:29:39]} Qxe2+ {[%clk 1:00:08]} 13. Bxe2 {[%clk 1:29:52]} Nxf6
{[%clk 1:00:34]} 14. O-O-O {[%clk 1:23:43]} O-O-O {[%clk 0:56:21]} 15. Be3
{[%clk 1:14:09]} Rde8 {[%clk 0:53:18]} 16. Rhe1 {[%clk 1:11:54]} Kb8
{[%clk 0:42:20]} 17. Nd4 {[%clk 1:00:33]} c5 {[%clk 0:32:04]} 18. Nb3
{[%clk 1:00:29]} d6 {[%clk 0:32:28]} 19. Na5 {[%clk 1:00:42]} Nd7
{[%clk 0:29:44]} 20. Bf3 {[%clk 0:50:25]} Nb6 {[%clk 0:28:16]} 21. b3
{[%clk 0:48:42]} Bc3 {[%clk 0:27:03]} 22. Bd2 {[%clk 0:48:32]} Bxa5
{[%clk 0:26:48]} 23. Bxa5 {[%clk 0:48:35]} Bb7 {[%clk 0:27:07]} 24. Bxb7
{[%clk 0:48:23]} Kxb7 {[%clk 0:27:32]} 25. f4 {[%clk 0:43:03]} Kc6
{[%clk 0:26:59]} 26. g3 {[%clk 0:39:14]} Rhf8 {[%clk 0:25:27]} 27. Bc3
{[%clk 0:36:33]} Kd7 {[%clk 0:23:24]} 28. Kd2 {[%clk 0:35:29]} Nc8
{[%clk 0:23:26]} 29. Re2 {[%clk 0:32:39]} Rxe2+ {[%clk 0:22:09]} 30. Kxe2
{[%clk 0:31:28]} Ne7 {[%clk 0:22:36]} 31. Rf1 {[%clk 0:28:13]} Nc6
{[%clk 0:19:49]} 32. Kd3 {[%clk 0:24:35]} h5 {[%clk 0:17:23]} 33. h3
{[%clk 0:21:32]} Ne7 {[%clk 0:17:08]} 34. g4 {[%clk 0:18:57]} hxg4
{[%clk 0:16:39]} 35. hxg4 {[%clk 0:19:24]} c6 {[%clk 0:15:03]} 36. Ke3
{[%clk 0:19:09]} d5 {[%clk 0:13:43]} 37. Bb2 {[%clk 0:19:00]} a5 {[%clk 0:10:26]}
38. Ba3 {[%clk 0:14:44]} Kd6 {[%clk 0:10:12]} 39. Rc1 a4 40. bxa4 Ra8 41. cxd5
Nxd5+ 42. Kf3 {[%clk 0:06:55]} 1/2-1/2

[Event "Fajr-urmia"]
[Site "urmia"]
[Date "2015.02.23"]
[Round "9.7"]
[White "Mosadeghpour, Masoud"]
[Black "Hosseinzadeh, Nima"]
[Result "1-0"]
[LiveChessVersion "1.4.4"]
[BlackElo "2192"]
[WhiteElo "2325"]

1. e4 {[%clk 1:29:06]} c5 {[%clk 1:30:52]} 2. d4 {[%clk 1:29:27]} cxd4
{[%clk 1:31:19]} 3. c3 {[%clk 1:29:52]} dxc3 {[%clk 1:31:40]} 4. Nxc3
{[%clk 1:30:21]} e6 {[%clk 1:31:58]} 5. Bc4 {[%clk 1:30:41]} a6 {[%clk 1:32:25]}
6. Nf3 {[%clk 1:31:07]} b5 {[%clk 1:32:36]} 7. Bb3 {[%clk 1:31:35]} Nc6
{[%clk 1:32:56]} 8. O-O {[%clk 1:31:31]} Na5 {[%clk 1:33:24]} 9. Re1
{[%clk 1:22:33]} Nxb3 {[%clk 1:31:38]} 10. Qxb3 {[%clk 1:21:39]} Bb7
{[%clk 1:30:16]} 11. a4 {[%clk 1:16:43]} b4 {[%clk 1:09:26]} 12. Nd5
{[%clk 1:16:39]} Bc5 {[%clk 1:09:39]} 13. Bg5 {[%clk 0:59:30]} f6
{[%clk 1:07:45]} 14. Be3 {[%clk 0:56:08]} Bxe3 {[%clk 1:04:28]} 15. Nxe3
{[%clk 0:51:21]} Bxe4 {[%clk 1:00:45]} 16. Nd4 {[%clk 0:51:09]} Qb6
{[%clk 0:23:46]} 17. Nc4 {[%clk 0:44:20]} Qxd4 {[%clk 0:24:13]} 18. Qxb4
{[%clk 0:44:21]} Qa7 {[%clk 0:20:23]} 19. Nd6+ {[%clk 0:43:46]} Kd8
{[%clk 0:20:52]} 20. Qxe4 {[%clk 0:24:09]} Nh6 {[%clk 0:19:23]} 21. Nb7+
{[%clk 0:23:24]} Ke7 {[%clk 0:14:18]} 22. Rad1 {[%clk 0:23:20]} Qb6
{[%clk 0:02:39]} 23. Rd6 {[%clk 0:18:27]} Qc7 {[%clk 0:02:53]} 24. Red1
{[%clk 0:17:51]} Rhc8 {[%clk 0:02:48]} 25. b4 {[%clk 0:15:55]} Kf8
{[%clk 0:02:33]} 26. Nc5 {[%clk 0:15:09]} Kg8 {[%clk 0:01:53]} 27. Rxd7
{[%clk 0:11:59]} Qc6 {[%clk 0:01:42]} 28. Qxe6+ {[%clk 0:12:07]} Qxe6
{[%clk 0:02:08]} 29. Nxe6 {[%clk 0:12:33]} Nf7 {[%clk 0:01:58]} 30. h3
{[%clk 0:11:20]} Rc6 {[%clk 0:01:32]} 31. Re7 {[%clk 0:10:47]} Ng5
{[%clk 0:00:32]} 32. Nxg7 {[%clk 0:10:03]} Rf8 {[%clk 0:00:32]} 33. h4
{[%clk 0:09:30]} Rf7 {[%clk 0:00:53]} 34. Nf5 {[%clk 0:09:52]} 1-0